Entrada Término temático
Número de registros utilizados en: 1
001 - NÚMERO DE CONTROL
003 - IDENTIFICADOR DEL NÚMERO DE CONTROL
- campo de control:
DR-UNIBE
005 - FECHA Y HORA DE LA ÚLTIMA TRANSACCIÓN
- campo de control:
20250416100812.0
008 - DATOS DE LONGITUD FIJA
- campo de control de longitud fija:
250416|| aca||aabn | a|a d
040 ## - FUENTE DE LA CATALOGACIÓN
- Centro catalogador/agencia de origen:
DR-UNIBE
- Centro/agencia transcriptor:
DR-UNIBE
650 ## -
- :
Plantaciones
- :
República Dominicana
- :
Historia
- :
Siglo XVI
670 ## - FUENTE DE DATOS ENCONTRADOS
- Cita de la fuente:
Work cat.: (DR-UNIBE)107380: Rodríguez Morel, Genaro, 1955- autor editor 83571, Colección de documentos para el estudio de la industria azucarera de la española en el siglo XVI / , 2020